Knowledge based systems in engineering / (Record no. 182444)

MARC details
000 -LEADER
fixed length control field 00766nam a2200241Ia 4500
003 - CONTROL NUMBER IDENTIFIER
control field OSt
005 - DATE AND TIME OF LATEST TRANSACTION
control field 20251120153720.0
008 - FIXED-LENGTH DATA ELEMENTS--GENERAL INFORMATION
fixed length control field 210716s1991 xx 000 0 und d
020 ## - INTERNATIONAL STANDARD BOOK NUMBER
International Standard Book Number 71008500
040 ## - CATALOGING SOURCE
Transcribing agency AIMIT LIBRARY
041 ## - LANGUAGE CODE
Language code of text/sound track or separate title eng
082 ## - DEWEY DECIMAL CLASSIFICATION NUMBER
Classification number 006.3
Edition number 1
Item number DYMC
100 ## - MAIN ENTRY--PERSONAL NAME
Personal name Dym, Clive L.
9 (RLIN) 246526
245 ## - TITLE STATEMENT
Title Knowledge based systems in engineering /
Statement of responsibility, etc. By Clive L Dym and Raymond E Levitt.
250 ## - EDITION STATEMENT
Edition statement 1st ed.
260 ## - PUBLICATION, DISTRIBUTION, ETC.
Place of publication, distribution, etc. New York :
Name of publisher, distributor, etc. McGraw Hill ,
Date of publication, distribution, etc. 1991.
300 ## - PHYSICAL DESCRIPTION
Extent xxiii,404p. ;
Other physical details PB
Dimensions 24 cm
650 ## - SUBJECT ADDED ENTRY--TOPICAL TERM
Topical term or geographic name entry element Conceptual underpinnings
9 (RLIN) 246527
650 ## - SUBJECT ADDED ENTRY--TOPICAL TERM
Topical term or geographic name entry element Knowledge -based systems for planning
9 (RLIN) 246528
650 ## - SUBJECT ADDED ENTRY--TOPICAL TERM
Topical term or geographic name entry element Institutional and sociological issues
9 (RLIN) 246529
700 ## - ADDED ENTRY--PERSONAL NAME
Personal name Levitt, Raymond E.
9 (RLIN) 246530
942 ## - ADDED ENTRY ELEMENTS (KOHA)
Source of classification or shelving scheme Dewey Decimal Classification
Koha item type Book
Edition 1st
Call number prefix 006.3 DYMC
Holdings
Withdrawn status Lost status Damaged status Not for loan Collection code Home library Current library Date acquired Total Checkouts Full call number Barcode Date last seen Price effective from Koha item type
        MCA St Aloysius Institute of Management & Information Technology St Aloysius Institute of Management & Information Technology 07/16/2021   006.3 DYMC MCA01952 05/23/2026 07/16/2021 Book